| 000 | 00579cam a22002053a 4500 | ||
|---|---|---|---|
| 001 | 43192 | ||
| 003 | PGUSA | ||
| 005 | 20140828084000.0 | ||
| 008 | 130915s2013||||xxu|||||s|||||000 | eng d | ||
| 040 |
_aPGUSA _beng |
||
| 042 | _adc | ||
| 100 | 1 |
_aMaclaren, Ian, _d1850-1907 |
|
| 245 | 1 | 0 |
_aAfterwards : _bAnd other stories _h[electronic resource] / _cIan Maclaren |
| 260 |
_bProject Gutenberg, _c2013 |
||
| 506 | _aPublic domain in the USA. | ||
| 516 | _aElectronic text | ||
| 830 | 0 |
_aProject Gutenberg _v43192 |
|
| 856 | 4 | 0 | _uhttp://www.gutenberg.org/ebooks/43192 |
| 942 | _cEB | ||
| 999 |
_c272443 _d272443 |
||